[Event "IND-ch U09 37th"]
[Site "Pune"]
[Date "2024.12.29"]
[Round "4"]
[White "Singh, Arjun"]
[Black "Reddy, Heyan"]
[Result "1/2-1/2"]
[WhiteElo "1636"]
[BlackElo "1524"]
[PlyCount "74"]
[EventDate "2024.12.27"]
[EventType "swiss"]
[EventRounds "11"]
[EventCountry "IND"]
[SourceTitle "CB02_2025"]
[SourceDate "2025.01.08"]
[SourceVersion "1"]
[SourceVersionDate "2025.01.08"]
[SourceQuality "1"]

1. e4 c6 2. d3 d6 3. Nc3 Nf6 4. h3 e5 5. g4 Be7 6. Bg2 Be6 7. Nge2 0-0 8. 0-0 d5 9. exd5 cxd5 10. Ng3 Nc6 11. Kh2 Rc8 12. f4 exf4 13. Bxf4 d4 14. Nce4 Nd5 15. c4 Nxf4 16. Rxf4 Bd6 17. Nxd6 Qxd6 18. Qd2 Qb4 19. Qf2 Qb6 20. Be4 Ne5 21. Nf5 Ng6 22. Rf3 Bxf5 23. gxf5 Qd6+ 24. Kh1 Ne5 25. Rg3 Rc7 26. f6 Ng6 27. fxg7 Kxg7 28. Rf1 f5 29. Bd5 Qf6 30. Re1 Kh8 31. Re6 Qh4 32. b4 Rg7 33. Rf3 Qxf2 34. Rxf2 b6 35. a4 Rc7 36. Kh2 Kg7 37. Kg3 Rf6 1/2-1/2